Wszystkie kluby w historii Ligue 1 - Statystyki

Ogólne statystyki
  • Ten quiz został rozwiązany 24 razy
  • Średni wynik to 13 z 55
Statystyki odpowiedzi
Liczba sezonów Klub % Poprawnych
48 Paris Saint Germain
96%
46 Monaco
70%
44 Olympique Lyon
70%
44 Olympique Marsylia
70%
45 Nantes
61%
37 RC Lens
61%
49 Girondins Bordeaux
57%
42 Saint Etienne
57%
39 OGC Nice
52%
44 LOSC Lille
48%
30 Montpellier
48%
32 Toulouse
48%
15 Angers
43%
15 Stade Reims
43%
37 Stade Rennais
43%
8 Ajaccio
39%
32 Auxerre
39%
3 Paris FC
39%
40 Metz
35%
30 Bastia
30%
3 Amiens
26%
13 Guingamp
26%
14 Le Havre
26%
6 Dijon
22%
15 Lorient
22%
6 Le Mans
17%
15 Nimes Olympique
17%
18 Caen
13%
1 Clermont Foot 63
13%
15 ESTAC Troyes
13%
16 Stade Brestois 29
13%
33 Strasbourg Alsace
13%
17 Valenciennes
13%
1 Chateauroux
9%
2 Grenoble Foot 38
9%
28 Nancy Lorraine
9%
36 Sochaux Montbeliard
9%
13 Stade Lavallois
9%
1 Boulogne
4%
5 Racing Club de France
4%
2 Red Star FC
4%
4 Tours
4%
1 Ajacio
0%
1 Athletic Club Arlesien
0%
1 Avenir Club Avignonnais
0%
10 Cannes
0%
1 Chamios Niortais
0%
1 Gueugnon
0%
1 Istres Football Club
0%
3 Martigues
0%
2 Mulhouse
0%
4 Rouen 1899
0%
7 Sedan Ardennes
0%
10 Sporting Club de Toulon
0%
4 Thonon Evian Grand Geneve
0%
Nie znaleziono quizów pasujących do podanych kryteriów
Rozkład punktacji
Procent ludzi z każdym wynikiem
Percentyl według liczby udzielonych odpowiedzi
Twoja historia wyników
Nie rozwiązałeś tego quizu